000 00584nam a2200217 i 4500
001 C2-0301851
003 PPAK
005 20180728083044.0
008 091228s1992 my |||| ||||| | may d
020 _a9836201777
040 _aPPAK
_beng
_cPPAK
_erda
082 0 4 _a499.23
_223
090 0 0 _a499.23
_bPEL
_dKIH
245 0 0 _aPelajaran bahasa melayu tahun satu
264 1 _aKuala Lumpur :
_bDewan Bahasa dan Pustaka ,
_c1992
300 _a157 pages ;
_c28 cm
336 _2rdacontent
_atext
337 _2rdamedia
_aunmediated
338 _2rdacarrier
_avolume
942 _ddc
_cB
999 _c105598
_d105598